000 00428nam a2200145Ia 4500
008 100415s9999 xx 000 0 und d
082 _b9167
100 _aHusain Kazi Zaker
245 _aAn Introduction to the Wildlife of Bangladesh
260 _aDACCA
_c1974
_bF AHMED
365 _b0
630 _aAn Introduction to the Wildlife of Bangladesh
730 _aAn Introduction to the Wildlife of Bangladesh
942 _cBOOK
999 _c592106
_d592103